[Event "Oregon Closed"]
[Site "?"]
[Date "2024.02.18"]
[Round "4"]
[White "Tang, Zoey"]
[Black "Haessler, Carl"]
[Result "1-0"]
[WhiteElo "2333"]
[BlackElo "2200"]
[Annotator "Zoey Tang"]
[PlyCount "111"]
[EventDate "2024.??.??"]

{[%evp 0,46,44,32,20,-14,34,18,9,9,58,50,22,19,12,20,62,57,75,73,88,81,83,88,84,82,94,107,89,107,93,102,85,91,91,95,106,90,86,97,117,91,119,91,106,194,179,181,223] G100+inc30} 1. d4 d5 2. c4 dxc4 3. e4 e5 4. Nf3 Bb4+ 5. Bd2 Bxd2+ 6. Nbxd2 exd4 7. Bxc4 Nh6 8. O-O O-O 9. Nb3 Qe7 10. Nbxd4 Qxe4 11. Bd3 Qf4 12. Qc2 Na6 $6 13. Bxh7+ Kh8 14. Bd3 Nb4 15. Qc5 Qd6 16. Qxd6 cxd6 17. Bc4 Bd7 18. Rfd1 Rac8 19. Bb3 a6 20. h3 Rfd8 21. g4 (21. Ng5 {another idea} Kg8 22. Rd2 Nc6 23. Rad1 Na5 24. Bd5) 21... Kg8 $2 22. g5 Nf5 23. g6 Nxd4 24. gxf7+ Kf8 25. Rxd4 Nc2 26. Bxc2 Rxc2 27. Rxd6 Rc6 28. Rd3 Rg6+ 29. Kh2 Rf6 30. Ne5 Rxf2+ 31. Kg3 Re2 32. Rxd7 Rxd7 33. Nxd7+ Kxf7 34. Nc5 Rxb2 35. Rf1+ Kg6 36. Rf2 Rb5 37. Ne6 Ra5 38. Rb2 b5 39. Kg4 Kf6 40. Nf4 g5 41. Nd5+ Kg6 42. Nc3 Ra3 43. Rc2 Kh6 44. Ne4 Ra4 45. Kf5 b4 46. Rc6+ Kg7 47. Rc7+ Kh6 48. Rc6+ Kg7 49. Rb6 (49. Rc7+ {rook & knight mate} Kh6 50. Kf6 Rxa2 51. Rc8) 49... Ra5+ 50. Kg4 Rxa2 51. Rxb4 a5 52. Rb7+ Kg6 53. Rb6+ Kg7 54. Kh5 a4 55. Rb7+ Kf8 56. Nf6 1-0

[Event "Oregon Closed"]
[Site "?"]
[Date "2024.02.17"]
[Round "3"]
[White "Haessler, Carl"]
[Black "Breckenridge, Steven"]
[Result "0-1"]
[WhiteElo "2200"]
[BlackElo "2281"]
[Annotator "Wilson Gibbins"]
[PlyCount "58"]
[EventDate "2024.??.??"]

{[%evp 0,58,19,38,25,24,1,12,19,4,4,-7,11,-58,-26,-7,5,-10,-5,-5,-3,-35,-13,-82,-92,-80,-72,-96,-57,-187,-178,-216,-190,-199,-192,-251,-254,-250,-264,-301,-247,-286,-251,-263,-257,-267,-161,-137,-140,-136,-131,-140,-140,-138,-141,-131,-152,-287,-272,-356,-336]} 1. e4 e5 2. Bc4 {Carl usually gets off the beaten path early in the opening, and it initially appears that this game will be no exception.} Nf6 3. d3 Bc5 4. Nf3 d6 5. c3 Nc6 6. Bb3 a6 7. O-O Ba7 8. Nbd2 O-O 9. h3 {Surprise! The game has transposed back to a mainstream Slow Italian variation that could have begun 1.e4 e5 2.Nf3 Nc6 3.Bc4 Bc5 4.0-0 Nf6 5.d3} Be6 10. Kh2 $6 h6 11. Ng1 $2 d5 {Steven increases his central influence.} 12. Qe2 Qd7 13. f4 $2 {Initiating a kingside attack, but Steven's central control and solid development allows him to repel the barbarians at the gate.} dxe4 14. dxe4 exf4 15. e5 Nd5 16. Bxd5 Qxd5 17. Ngf3 Bf5 18. Nb3 Bd3 19. Qd1 Rad8 20. Re1 Qc4 21. Nbd4 Nxd4 22. cxd4 Bc2 23. Qd2 g5 24. b3 Qd3 25. Qxd3 Bxd3 26. Ba3 Rfe8 27. Rad1 Bb5 28. d5 Bf2 29. Re4 f5 {Black's two bishops' control of the board means that White will have to part with an exchange.} 0-1

[Event "Oregon Closed"]
[Site "?"]
[Date "2024.02.19"]
[Round "6"]
[White "Tang, Zoey"]
[Black "Breckenridge, Steven"]
[Result "1/2-1/2"]
[WhiteElo "2333"]
[BlackElo "2281"]
[Annotator "Wilson Gibbins"]
[PlyCount "68"]
[EventDate "2024.??.??"]

{Going into this round six game, both players are undefeated, but Steven has conceded two draws leaving Zoey a full point ahead. Steven needs a win, and Zoey can be content with a draw. We can expect Steven to try to create complexity, and Zoey to try to keep control.} 1. d4 Nf6 2. c4 g6 3. Nc3 Bg7 4. e4 O-O 5. Be2 ({Black is trying to tempt White into playing} 5. e5 {but after} Ne8 {Black is well on his way to equality, and sometimes more. The best-known example of this is} 6. f4 d6 7. Be3 c5 8. dxc5 Nc6 9. cxd6 exd6 10. Ne4 Bf5 11. Ng3 Be6 12. Nf3 Qc7 13. Qb1 dxe5 14. f5 e4 15. fxe6 exf3 16. gxf3 f5 17. f4 Nf6 18. Be2 Rfe8 19. Kf2 Rxe6 20. Re1 Rae8 21. Bf3 Rxe3 22. Rxe3 Rxe3 23. Kxe3 Qxf4+ {0-1 Letelier Martner,R-Fischer,R Olympiad-14 Preliminaries D Leipzig 1960 (8) if 24.Kxf4, then Bh6 is checkmate.}) 5... d6 6. Be3 c6 7. h3 e5 8. d5 b5 $5 {This move illustrates the character of the King's Indian Defense. If the game degenerates into a positional grind, White's space advantage gives her the advantage. But King's Indian players always have opportunities to unleash chaos and Steven's move captures the spirit of the defense.} 9. dxc6 b4 10. Nd5 Nxc6 {White's space advantage has been reduced, at the cost of a backward d-pawn.} 11. Bg5 Nd4 12. Nf3 Nxe2 13. Qxe2 Be6 14. Rd1 Bxd5 15. Rxd5 {Despite Steven's best efforts, Zoey has maintained control of the position.} b3 {Steven is still finding ways to create confusion. With White's king still in the center, an accident still might occur.} 16. axb3 Rb8 17. Qc2 Qb6 18. Bxf6 Bxf6 19. O-O {Zoey eliminates the king safety risk.} Qxb3 20. Qxb3 Rxb3 21. Rxd6 Kg7 22. Ra1 Rxb2 23. Rxa7 Re2 24. Raa6 Bd8 25. Ra8 Be7 26. Rxf8 Bxd6 {Despite the reduced material and Zoey's extra pawn, Steven is still trying to stir up trouble. Zoey can't keep the extra pawn, and maybe Steven can coordinate his bishop and rook to win Zoey's f-pawn.} 27. Rc8 {Nope - Zoey quashes Black's play by preventing Black's Bishop from reaching the c5 square.} Rxe4 28. Kf1 Bb4 29. g3 h6 30. c5 Kf6 31. g4 Rc4 32. Rc6+ Kg7 33. Nxe5 Rxc5 34. Rxc5 Bxc5 1/2-1/2

[Event "Oregon Closed"]
[Site "?"]
[Date "2024.02.17"]
[Round "2"]
[White "Gibbins, Wilson"]
[Black "Omori, Michael"]
[Result "1/2-1/2"]
[WhiteElo "2201"]
[BlackElo "2173"]
[Annotator "Michael Omori"]
[PlyCount "81"]
[EventDate "2024.??.??"]

{[%evp 0,81,29,-25,22,27,9,-17,42,24,22,19,25,-4,53,24,42,42,36,49,44,52,64,52,53,53,44,36,32,26,57,48,68,40,34,34,17,37,30,24,17,13,7,5,0,-2,-11,-10,0,-30,-44,-42,-41,-41,-41,-45,-22,-34,-25,-32,-24,-84,-94,-95,-43,-22,0,-8,6,0,20,0,0,0,0,0,0,0,0,0,0,0,0,0] All variations and notes provided by Michael Omori unless prefixed by WG, indicating Wilson Gibbins.} 1. c4 {I was happy to get a rematch with Wilson with colors reversed. WG - Michael beat me with White last June at the Portland Summer Open in game where I was never able to create any problems for him to solve.} b6 {A rare first move against the English} 2. Nc3 Bb7 3. e4 Nf6 {I go for the sharpest line, though probably not the best} 4. e5 $1 {The best move in the position, putting the question to the knight} Ne4 5. Nxe4 (5. Qf3 Nxc3 6. Qxb7 Nc6 7. dxc3 a6 8. g3 Ra7 9. Qxc6 dxc6 10. Bg2) 5... Bxe4 6. Nf3 (6. Qg4 {This move makes the most sense putting pressure on the g pawn and kicking the bishop with tempo, but it does put the queen at some risk} Bb7 7. d4 Nc6 8. Nf3) 6... c5 $5 {This move is a little slow and helps white gain pressure on the d file later on in the game} (6... Nc6 {This natural developing move would've been slightly better with a very interesting exchange sack plan} 7. Be2 (7. Ng5 Bf5 8. Qf3 (8. Be2) 8... e6) (7. d3 Bxf3 8. Qxf3 Nxe5) 7... Bxf3 8. Bxf3 Nxe5 9. Bxa8 Qxa8 10. O-O Nd3 11. Qe2 Nf4 12. Qg4 Qe4 13. Kh1 h5 14. Qf3 Qxf3 15. gxf3 $17) 7. Be2 Bb7 $6 {Inaccuracy. Qc7 was best.} (7... Qc7 8. d4) 8. d4 cxd4 9. Qxd4 Nc6 10. Qf4 Qb8 {I played qb8 instead of qc7 because I was afraid of e6, but I had nothing to worry about according to the engine} (10... Qc7 11. e6 Qxf4 12. exd7+ Kxd7 13. Bxf4 f6 14. O-O-O+ Ke8 15. Rhe1 e5 16. Bg3 Rd8 17. Rxd8+ Kxd8) 11. Bd2 {A good prophylactic move to support the e5 pawn with the bishop} g6 12. Bc3 Bg7 13. Qe3 {stepping out of the pin and preventing f6} (13. O-O f6) 13... O-O 14. O-O ({WG - I looked at} 14. Rd1 {and in retrospect, wished I had played it.}) 14... Rd8 $6 {Inaccuracy. d6 was best.} (14... d6) (14... f6 {another possibility I considered, where black will have two central pawns, but they will be hard to push due to white's control of the center} 15. Rfd1 Qc7 16. exf6 Bxf6 17. Rac1) 15. Rad1 Qc7 16. Rd2 $6 {Inaccuracy. h4 was best.} (16. h4 h5 17. Rd2 Rac8 18. Rfd1 Na5 19. b3 Bxf3 20. Bxf3 Nc6 21. Rd5 d6 22. e6 Bxc3) 16... d6 {relieving the tension and getting rid of the pesky e5 pawn} 17. exd6 $6 {Inaccuracy. e6 was best.} (17. e6 f6 {white's pawn on e6 looks a little loose, but is a huge thorn in black's camp, and cannot be easily removed}) 17... Rxd6 18. Rxd6 Qxd6 19. Rd1 Qc7 20. Bxg7 Kxg7 21. h4 {White has a slight edge, controlling the open files, while black's king is slightly weak and has to worry about potential h5 h6 possibilities} Rd8 22. Rxd8 Nxd8 {The purpose of this move instead of capturing with the queen was to prevent c5} (22... Qxd8 23. h5 f6 24. h6+ Kf7 25. c5) 23. Nd4 (23. h5 f6 24. h6+ Kf7 25. Nd4 Qe5 26. Qxe5 fxe5) 23... Qc5 {inviting the chance to get into a tricky position with qc3} 24. Nc2 (24. Qc3 e5 25. Nb5 Nc6 26. Bf3 (26. a3 a6 27. b4 Qe7) 26... Nd4) 24... Qxe3 25. Nxe3 {Wilson trades into an equal endgame} Ne6 26. b4 h5 27. g3 {WG - my attempt to allay my greatest fear, his king invading on e5 and d4, will be to try to control e5 with a pawn on f4.} Kf6 (27... Nd4 28. Bd1 e5 {This would've been slightly better according to the engine to gain space and give the e pawn its chance to promote down the line}) 28. f4 Nd4 29. Bd3 e5 30. fxe5+ $6 {Inaccuracy. Kf2 was best. The most natural move, but to my surprise, the engine says black now has a comfortable game. This is probably because black's king is invading now. WG - yeah, I should have remembered my greatest fear that I described in the note to move 27.} (30. Kf2 exf4 31. gxf4 Ne6 32. Kg3 Ba8 33. a3 Bc6 34. Nc2 Bb7 35. Ne3 Nd4 36. Kf2 Ke6) 30... Kxe5 31. Kf2 Ne6 $6 {Inaccuracy. Be4 was best. A waste of a tempo, but my idea was kd4} (31... Be4 32. Bf1 (32. Bxe4 Kxe4 {This variation would've given black a comfortable game, although it is still probably drawn with best play} 33. c5 bxc5 34. bxc5 Nc6 35. g4 hxg4 36. Nxg4 Kd5 37. Ke3 Kxc5 38. Kf4 Kd6) 32... Nc6 33. a3 Kd4 34. g4 Ne5 35. gxh5 gxh5 36. c5 bxc5 37. bxc5 Kxc5 38. Ng2) 32. Nc2 g5 33. hxg5 Nxg5 34. Ke3 Be4 35. Nd4 Bxd3 36. Kxd3 Ne4 37. Nc6+ Kf5 38. Ne7+ (38. Nxa7 Nxg3 {This variation was an alternative but is still equal and more complicated} 39. c5 bxc5 40. bxc5 Ke5 41. c6 Kd6 42. Ke3 Nf5+ 43. Kf4 Nd4 44. Kg5 Nxc6 45. Nxc6 Kxc6 46. Kxh5) 38... Ke5 39. Nc6+ Kf5 40. Ne7+ Ke5 41. Nc6+ 1/2-1/2

[Event "Oregon Closed"]
[Site "?"]
[Date "2024.02.19"]
[Round "7"]
[White "Haessler, Carl"]
[Black "Russell, Corey"]
[Result "0-1"]
[WhiteElo "2200"]
[BlackElo "2217"]
[Annotator "Corey Russell"]
[PlyCount "56"]
[EventDate "2024.??.??"]

{[%evp 10,56,43,43,51,51,51,51,55,31,70,70,72,51,49,43,46,37,36,6,6,6,6,0,0,0,0,-34,-29,-39,-23,-133,-133,-133,-133,-128,-128,-190,-190,-209,-209,-287,-287,-287,-284,-398,-398,-1070,-1070]} 1. e4 g6 2. Nf3 Bg7 3. Bc4 d6 4. O-O e6 5. Re1 Nd7 6. d4 {LiveBook: 4 Games} h6 7. Nc3 Ne7 8. a4 {White is slightly better.} a6 9. Ne2 d5 10. exd5 {Note black can't play 10. ... exd5? 11. Bxd5! Nxd5 12. Nf4+ Ne7 13. Nd5 and whtie's winning. -cjr} Nb6 11. Bb3 {[#] And now d5xe6 would win.} Nbxd5 12. c4 Nb4 13. a5 O-O 14. Ng3 c5 $1 15. Be3 {[#] Threatens to win with d4-d5.} cxd4 16. Nxd4 Nec6 17. Nxc6 Nxc6 18. Qc1 Nxa5 19. Ba4 b5 $36 {Black has some pressure.} 20. Rd1 (20. cxb5 $11 axb5 21. Bc2) 20... Qh4 $17 21. cxb5 axb5 22. Bc2 {Of couse white plays this instead of 22. Bxb5? Nb3 is deadly. -cjr} Bb7 23. Rd7 (23. Bd2 $17 Nc4 24. Bc3) 23... Bc6 $19 24. Rc7 {This traps the rook. Better is 24. Rd1 but black is still better. -cjr} Be5 25. Rxc6 Nxc6 26. Rxa8 Rxa8 27. f4 (27. Bd3 $142 Na5 28. Nf1) 27... Bd4 28. Be4 $2 (28. Bxd4 Nxd4 29. Be4) 28... Qxf4 {Precision: White = 27%, Black = 86%.- Fritz The point is white can't take due to the pin but black is threatening either mate or win of white queen and there is no defense. -cjr} 0-1

[Event "Oregon Closed"]
[Site "?"]
[Date "2024.02.19"]
[Round "6"]
[White "Tang, Austin"]
[Black "Polasek, Preston"]
[Result "1-0"]
[WhiteElo "2059"]
[BlackElo "2000"]
[PlyCount "39"]
[EventDate "2024.??.??"]

{[%evp 0,39,19,23,71,58,71,73,88,49,71,53,36,46,57,55,54,23,26,45,87,77,107,57,84,66,116,103,102,81,125,124,181,181,199,224,912,1020,1217,2112,2148,537]} 1. e4 d6 2. d4 Nf6 3. Nc3 c6 4. f4 (4. Nf3 Bg4 5. h3 Bh5 6. Be2 (6. g4 Bg6 7. Qe2 e6 8. h4 h5 9. g5 Nfd7) 6... e6 7. O-O Be7) 4... Qa5 5. Bd3 e5 6. Nf3 Bg4 7. Be3 Nbd7 8. h3 Bxf3 9. Qxf3 Be7 10. O-O O-O 11. Kh1 (11. Ne2) 11... Rac8 12. g4 exf4 13. Bxf4 Ne8 14. Rae1 a6 15. e5 d5 16. Bh6 Qd8 17. g5 Nc7 18. Bxg7 Ne6 19. Qf5 Nxg5 20. Bxf8 1-0